गुरू नानकः जीवन, दर्शन और शिक्षा / (Record no. 63833)

MARC details
000 -LEADER
fixed length control field 00765nam a22001817a 4500
005 - DATE AND TIME OF LATEST TRANSACTION
control field 20120306134934.0
020 ## - INTERNATIONAL STANDARD BOOK NUMBER
Terms of availability 250.00
International Standard Book Number 8190183710
035 ## - SYSTEM CONTROL NUMBER
System control number B-152576
037 ## - SOURCE OF ACQUISITION
Source of stock number/acquisition
Stock number dpl
082 ## - DEWEY DECIMAL CLASSIFICATION NUMBER
Classification number 260.35
100 ## - MAIN ENTRY--PERSONAL NAME
Personal name
245 1# - TITLE STATEMENT
Title गुरू नानकः जीवन, दर्शन और शिक्षा /
Statement of responsibility, etc
260 ## - PUBLICATION, DISTRIBUTION, ETC. (IMPRINT)
Place of publication, distribution, etc रोपड़
Name of publisher, distributor, etc प्रेमनाथ जसवन्ती देवी प्रतिष्ठान
Date of publication, distribution, etc 2004
270 ## - ADDRESS
Address
City
Postal code
Telephone number
300 ## - PHYSICAL DESCRIPTION
Extent 279पृ.
Dimensions 22सेमी (सजिल्द)
942 ## - ADDED ENTRY ELEMENTS (KOHA)
Institution code [OBSOLETE] dpl
Item type Hindi Books
Call number prefix
Source of classification or shelving scheme Dewey Decimal Classification
Classification part 260.35
Call number suffix नानक
Holdings
Withdrawn status Lost status Not for loan Collection code Home library Current library Date acquired Cost, normal purchase price Full call number Barcode Cost, replacement price Koha item type
      Non-fiction Sarojini Nagar Sarojini Nagar 06/03/2012 250.00 260.35 नानक B-152576 250.00 Hindi Books

© Delhi Public Library
Hit Counter
free hit counter